The SAGE international handbook of educational evaluation / (Record no. 1041)

000 -LEADER
fixed length control field 01174cam a2200301 a 4500
001 - CONTROL NUMBER
control field 15615147
003 - CONTROL NUMBER IDENTIFIER
control field OSt
005 - DATE AND TIME OF LATEST TRANSACTION
control field 20140116120844.0
008 - FIXED-LENGTH DATA ELEMENTS--GENERAL INFORMATION
fixed length control field 090206s2009 caua bf 001 0 eng
010 ## - LIBRARY OF CONGRESS CONTROL NUMBER
LC control number 2009003451
020 ## - INTERNATIONAL STANDARD BOOK NUMBER
International Standard Book Number 9781412940689 (cloth : alk. paper)
040 ## - CATALOGING SOURCE
Original cataloging agency DLC
Transcribing agency DLC
Modifying agency DLC
050 00 - LIBRARY OF CONGRESS CALL NUMBER
Classification number LB2822.75.S23 2009
082 00 - DEWEY DECIMAL CLASSIFICATION NUMBER
Classification number 379.1/58
Edition number 22
245 04 - TITLE STATEMENT
Title The SAGE international handbook of educational evaluation /
Statement of responsibility, etc editors, Katherine E. Ryan, J. Bradley Cousins.
246 30 - VARYING FORM OF TITLE
Title proper/short title International handbook of educational evaluation
246 30 - VARYING FORM OF TITLE
Title proper/short title Handbook of educational evaluation
246 30 - VARYING FORM OF TITLE
Title proper/short title Educational evaluation
260 ## - PUBLICATION, DISTRIBUTION, ETC. (IMPRINT)
Place of publication, distribution, etc Los Angeles :
Name of publisher, distributor, etc SAGE Publications,
Date of publication, distribution, etc c2009.
300 ## - PHYSICAL DESCRIPTION
Extent xx, 587 p. :
Other physical details ill. ;
Dimensions 26 cm.
504 ## - BIBLIOGRAPHY, ETC. NOTE
Bibliography, etc Includes bibliographical references and index.
650 #0 - SUBJECT ADDED ENTRY--TOPICAL TERM
Topical term or geographic name as entry element Educational evaluation
Form subdivision Handbooks, manuals, etc.
700 1# - ADDED ENTRY--PERSONAL NAME
Personal name Ryan, Katherine E.
700 1# - ADDED ENTRY--PERSONAL NAME
Personal name Cousins, J. Bradley.
906 ## - LOCAL DATA ELEMENT F, LDF (RLIN)
a 7
b cbc
c orignew
d 1
e ecip
f 20
g y-gencatlg
942 ## - ADDED ENTRY ELEMENTS (KOHA)
Source of classification or shelving scheme
Koha item type Book
Holdings
Withdrawn status Lost status Source of classification or shelving scheme Damaged status Not for loan Home library Current library Date acquired Total Checkouts Full call number Barcode Date last seen Copy number Price effective from Koha item type
          Riara University Library Riara University Library 30/11/2012   LB2822.75 .S23 2009 3654/12 30/11/2012 C.1 30/11/2012 Book

Riara University Library,
P.O. Box 49940-00100,
Nairobi, Kenya.